000 00449nam a2200157 i 4500
001 60420
003 ES-MaACL
005 20230906164228.0
007 t|
008 031104s1971 sp ||||1| spa d
100 1 _aEscrivá Pellicer, Melchor.
_947666
245 1 0 _aSuecia
_b: la otra Europa /
_cM. Escrivá Pellicer.
260 _aSantander :
_bSal Terrae,
_c[1971]
300 _a324 p., 16 lám. ;
_c22 cm.
852 _aES-MaACL
_jC-38488
_bR.78622
999 _c60420
_d60420